00349nam a2200133Ia 4500008004100000041000800041082001600049100001500065245004500080250000700125260004200132300003200174365000900206240624s9999 xx 000 0 und d aeng a658.421 LAC aLACY SARAH aBRILLIANT CRAZY COCKY HOW THE TOP 1 OF E a11 c2011aNew JerseybJohn Wiley and Sons axiii, : 242 : p. : cm. ; 23 cb27